Refuerzos de las habilidades sociales I: cuadernos para mejorar las habilidades sociales, autoestima y solución de problemas. Nivel óptimo: 2§ ciclo de educación primaria

Furkejuvvon:
Bibliográfalaš dieđut
Váldodahkki: Vallés Arándiga, Antonio (Dahkki)
Materiálatiipa: Girji
Giella:espánnjágiella
Almmustuhtton: Madrid EOS 1994
Ráidu:Método EOS, 13
Fáttát:
Fáddágilkorat: Lasit fáddágilkoriid
Eai fáddágilkorat, Lasit vuosttaš fáddágilkora!

MARC

LEADER 00000nam a2200000 a 4500
001 UCI6642
003 CL-VaPUC
008 080516e19940000SP |||||||||||||||||spa|d
020 |a 8485851420 
082 0 4 |a 370.15  |b VAL  |2 21 
100 0 |a Vallés Arándiga, Antonio  |e author  |9 529599 
245 1 0 |a Refuerzos de las habilidades sociales I: cuadernos para mejorar las habilidades sociales, autoestima y solución de problemas. Nivel óptimo: 2§ ciclo de educación primaria 
300 |a 141 p 
942 |c BK 
945 |d 20080516 00:00:00  |a jtorresc 
260 |a Madrid  |b EOS  |c 1994 
650 0 |a Desarrollo individual   |9 307875 
650 0 |a Autoestima  |9 308492 
650 0 |a Psicología educacional   |9 307830 
650 0 |a Psicología del aprendizaje  |9 306854 
583 |a last modification  |c 20080516 00:00:00  |k Rodrigo Vera 
490 0 |a Método EOS, 13 
999 |c 330097  |d 330095 
952 |0 0  |1 0  |4 0  |6 370_150000000000000_VAL_1994  |7 0  |8 A  |9 415446  |a BIBEDU  |b BIBEDU  |d 2019-11-22  |i 4440196  |o 370.15 VAL 1994  |p 4440196  |r 2019-11-22  |w 2019-11-22  |y BK  |k EPE